| 000 | 00645nam a2200217 4500 | ||
|---|---|---|---|
| 003 | OSt | ||
| 005 | 20260421034447.0 | ||
| 006 | a | ||
| 008 | 240722b |||||||| |||| 00| 0 eng d | ||
| 020 | _a9780736066938 | ||
| 040 |
_aDWCL-Main lib. _cOC |
||
| 082 | _aCirc. 613.7 D489 2009 | ||
| 100 | _aLynda B. Ransdell | ||
| 245 | _aDeveloping effective physical activity programs / | ||
| 260 |
_aChampaign, Ill. : _bHuman Kinetics, _cc2009. |
||
| 300 |
_axv, _b199 p. : ill. ; _c26 cm. |
||
| 504 | _aIncludes bibliographical references & index. | ||
| 650 | _a1. Physical fitness. | ||
| 650 | _a2. Exercise. | ||
| 942 |
_2ddc _n0 _cBK-CIRC _kCirc. |
||
| 999 |
_c2541 _d2541 |
||